[Event "Aragon-chT Preferente B"]
[Site "Aragon"]
[Date "2016.02.13"]
[Round "3.60"]
[White "Arino Castan, Federico"]
[Black "Sarrio Bambo, Pablo"]
[Result "0-1"]
[WhiteElo "1761"]
[BlackElo "1848"]
[PlyCount "96"]
[EventDate "2016.01.30"]
[EventType "team-tourn"]
[EventRounds "9"]
[EventCountry "ESP"]
[SourceTitle "EXT 2018"]
[Source "ChessBase"]
[SourceDate "2017.10.13"]
[SourceVersion "1"]
[SourceVersionDate "2017.10.13"]
[SourceQuality "1"]
[WhiteTeam "Binefar"]
[BlackTeam "Delicias II"]
[WhiteTeamCountry "ESP"]
[BlackTeamCountry "ESP"]

1. d4 d5 2. c4 c6 3. Nc3 Nf6 4. Bg5 dxc4 5. Nf3 h6 6. Bh4 Bf5 7. e3 b5 8. Be2 g5 9. Bg3 Bg7 10. 0-0 Nbd7 11. Nd2 0-0 12. h4 gxh4 13. Bxh4 Qb6 14. e4 Bh7 15. e5 Nd5 16. Nxd5 cxd5 17. Nf3 f6 18. Qd2 e6 19. exf6 Nxf6 20. Ne5 Ne4 21. Qe3 Bxe5 22. dxe5 Qxe3 23. fxe3 Bf5 24. Rf4 Kh7 25. Bf3 Rg8 26. Bxe4 Bxe4 27. g3 Bf5 28. Kf2 Rg4 29. Rd1 Rxf4+ 30. exf4 h5 31. Ke3 b4 32. Kd4 Rc8 33. Be7 c3 34. bxc3 Rc4+ 35. Ke3 bxc3 36. Rd4 Rxd4 37. Kxd4 c2 38. Ba3 Kg6 39. Bc1 Be4 40. Kc5 Kf5 41. Kd6 d4 42. a4 Bd5 43. Kc5 Ke4 44. a5 a6 45. Bd2 Kd3 46. Bc1 Be4 47. Kb6 Kc3 48. Kxa6 d3 0-1

[Event "Aragon-chT Preferente A"]
[Site "Aragon"]
[Date "2015.03.21"]
[Round "9.48"]
[White "Sarrio Bambo, Pablo"]
[Black "Fernandez Sierra, Pedro Jose"]
[Result "1-0"]
[WhiteElo "1839"]
[BlackElo "1750"]
[PlyCount "35"]
[EventDate "2015.01.24"]
[EventType "team-tourn"]
[EventRounds "11"]
[EventCountry "ESP"]
[SourceTitle "EXT 2017"]
[Source "ChessBase"]
[SourceDate "2016.10.25"]
[SourceVersion "1"]
[SourceVersionDate "2016.10.25"]
[SourceQuality "1"]
[WhiteTeam "Delicias II"]
[BlackTeam "Actur Rey Fernando"]
[WhiteTeamCountry "ESP"]
[BlackTeamCountry "ESP"]

1. d4 Nf6 2. c4 c5 3. d5 b5 4. cxb5 a6 5. b6 Qxb6 6. Nc3 d6 7. Nf3 g6 8. g3 Bg7 9. Bg2 0-0 10. 0-0 Nbd7 11. Nd2 Bb7 12. e4 Ne5 13. Kh1 c4 14. f4 Nd3 15. Nxc4 Nf2+ 16. Rxf2 Qxf2 17. Be3 Ng4 18. Qxg4 1-0

[Event "Aragon-chT Preferente-A"]
[Site "Spain"]
[Date "2011.03.12"]
[Round "6.3"]
[White "Sarrio Bambo, Pablo"]
[Black "Sacristan Latorre, Alberto"]
[Result "0-1"]
[WhiteElo "1885"]
[BlackElo "1959"]
[PlyCount "60"]
[EventDate "2011.02.05"]
[EventType "team-tourn"]
[EventRounds "9"]
[EventCountry "ESP"]
[SourceTitle "EXT 2013"]
[Source "ChessBase"]
[SourceDate "2012.11.22"]
[SourceVersion "1"]
[SourceVersionDate "2012.11.22"]
[SourceQuality "1"]
[WhiteTeam "Escaque 65"]
[BlackTeam "Ramiro III"]
[WhiteTeamCountry "ESP"]
[BlackTeamCountry "ESP"]

1. d4 Nf6 2. c4 g6 3. Nc3 Bg7 4. e4 d6 5. f3 0-0 6. Be3 Na6 7. Qd2 c5 8. d5 Nc7 9. Bh6 a6 10. g4 b5 11. h4 bxc4 12. Bxc4 e6 13. h5 Qe7 14. Bxg7 Kxg7 15. hxg6 fxg6 16. 0-0-0 e5 17. Nge2 Nb5 18. Qh6+ Kg8 19. Rh3 Rf7 20. Rdh1 Rb8 21. Nxb5 axb5 22. Bd3 Ra8 23. Bb1 b4 24. Ng3 Rg7 25. R3h2 c4 26. Qe3 Nd7 27. f4 exf4 28. Qxf4 Ne5 29. g5 Rxa2 30. Qe3 Ra1 0-1